000 00600nam a2200193Ia 4500
001 14806
003 GE_BSU
008 181216s||||||||xx |||||||||||||| ||und||
040 _cGE_BSU
080 _a514.12(075.8)+512.64(075.8)
100 _aАлександров,П.С.
245 _aКурс аналитической геометрии и линейной алгебры
260 _aМосква
260 _bНаука
260 _c1979
300 _a511стр.22см.
653 _aКурс аналитической геометрии и линейной алгебры
942 _cBK
999 _c47929
_d47929